| 000 | 00592 a2200205 4500 | ||
|---|---|---|---|
| 003 | DO-SdBNP | ||
| 005 | 20211014094517.0 | ||
| 007 | ta | ||
| 008 | 210616b 2018 dr 00| 0 eng d | ||
| 020 | _a9789945600698 | ||
| 040 |
_aDO-SdBNP _bspa _cBNPHU |
||
| 100 | 1 |
_aQuezada, Lonni, _d1986- _978875 |
|
| 245 | 1 | 0 |
_aA la altura de la realeza / _cLonni Quezada |
| 260 |
_aSanto Domingo : _bSantuario, _c2018. |
||
| 300 |
_a152 p. ; _c23 cm. |
||
| 500 | _aIncluye datos biográf̀icos del autor en la solapa de la cubierta | ||
| 590 | _aInventariado, 2021 /LP | ||
| 910 | _aLP | ||
| 942 |
_2ddc _cLBS1 |
||
| 999 |
_c49849 _d49849 |
||